Understanding contemporary Asia Pacific / (Record no. 191335)

MARC details
000 -LEADER
fixed length control field 01049cam a2200289 i 4500
001 - CONTROL NUMBER
control field 21616652
003 - CONTROL NUMBER IDENTIFIER
control field MY-SjTCS
005 - DATE AND TIME OF LATEST TRANSACTION
control field 20241016131121.0
008 - FIXED-LENGTH DATA ELEMENTS--GENERAL INFORMATION
fixed length control field 200720s2021 couab b 001 0 eng
020 ## - INTERNATIONAL STANDARD BOOK NUMBER
International Standard Book Number 9781626379275
Qualifying information paperback
040 ## - CATALOGING SOURCE
Original cataloging agency DLC
Language of cataloging eng
Description conventions rda
Transcribing agency DLC
Modifying agency DLC
-- MY-SjTCS
043 ## - GEOGRAPHIC AREA CODE
Geographic area code ae-----
-- as-----
082 04 - DEWEY DECIMAL CLASSIFICATION NUMBER
Classification number 950.43
Item number UND 2021
245 00 - TITLE STATEMENT
Title Understanding contemporary Asia Pacific /
Statement of responsibility, etc. edited by Katherine Palmer Kaup.
250 ## - EDITION STATEMENT
Edition statement Second edition.
264 #1 - PRODUCTION, PUBLICATION, DISTRIBUTION, MANUFACTURE, AND COPYRIGHT NOTICE
Place of production, publication, distribution, manufacture Boulder, Colorado :
Name of producer, publisher, distributor, manufacturer Lynne Rienner Publishers, Inc.,
Date of production, publication, distribution, manufacture, or copyright notice 2021.
300 ## - PHYSICAL DESCRIPTION
Extent xiv, 521 pages :
Other physical details illustrations, maps ;
Dimensions 23 cm.
336 ## - CONTENT TYPE
Content type term text
Source rdacontent
337 ## - MEDIA TYPE
Media type term unmediated
Source rdamedia
338 ## - CARRIER TYPE
Carrier type term volume
Source rdacarrier
490 0# - SERIES STATEMENT
Series statement Understanding: introduction to the states and regions of the contemporary world
504 ## - BIBLIOGRAPHY, ETC. NOTE
Bibliography, etc. note Includes bibliographical references (pages 457-488) and index.
651 #0 - SUBJECT ADDED ENTRY--GEOGRAPHIC NAME
Geographic name East Asia
9 (RLIN) 216326
651 #0 - SUBJECT ADDED ENTRY--GEOGRAPHIC NAME
Geographic name Southeast Asia
9 (RLIN) 226934
700 1# - ADDED ENTRY--PERSONAL NAME
Personal name Kaup, Katherine Palmer,
Dates associated with a name 1968-
Relator term editor.
9 (RLIN) 307762
920 ## - Programme
Programme SLAS : 337220
Holdings
Withdrawn status Lost status Source of classification or shelving scheme Damaged status Not for loan Home library Current library Date acquired Source of acquisition Cost, normal purchase price Total Checkouts Barcode Date last seen Uniform Resource Identifier Cost, replacement price Price effective from Koha item type Public note
    Dewey Decimal Classification     Taylor's Library-TU Taylor's Library-TU 02/10/2024 523 244.00   5000175395 02/10/2024 Floor 2, Shelf 2 , Side 1, TierNo 6, BayNo 6 244.00 02/10/2024 Reserve Collection SLASx,91614,03,RM